000 00291nam a2200109 4500
008 160624b xxu||||| |||| 00| 0 eng d
100 _9895
_a Newman, B.M
245 _aDevelopment Through Life
260 _aIll
_b The Dorsey Press
_c1979
300 _aDevelopment Through Life
942 _2ddc
_cBK
999 _c710
_d710